| 000 | 00622nam a2200205 a 4500 | ||
|---|---|---|---|
| 005 | 20240925065121.0 | ||
| 008 | 991125s1975 mad 000 0 spa u | ||
| 020 | _a8424902987 | ||
| 035 | _aUPN01000029262 | ||
| 049 | _aCG | ||
| 050 | 4 |
_aHM251 _bP4.58 |
|
| 100 | 1 |
_aPeretti, André de, _d1916- |
|
| 245 | 1 | 4 |
_aLos imperativos de la vida colectiva / _cAndré de Peretti ; tr. Margot Ruano. |
| 260 |
_aMadrid : _bMarova, _c1975. |
||
| 300 | _a206 p. | ||
| 440 | 0 |
_aBiblioteca Marova de estudios del hombre ; _v24 |
|
| 650 | 4 |
_aCivilización moderna _y1950- _910800 |
|
| 650 | 4 |
_aPsicología social _95889 |
|
| 905 | _aLibro | ||
| 999 |
_c29262 _d29262 |
||